000 00414nam a2200205Ia 4500
001 000932
003 YMCAF
005 20230512160040.0
008 100717s1971 ||||||||||||||||| ||und|d
024 _a932
035 _a914
040 _aYMCAF
_beng
_cIN-KoLT
041 _aeng
082 _aROU-SHU
100 _aSHUTE NEVIL
245 0 _aROUND THE BEND
260 _c1971
300 _a364
942 _2ddc
_cBK
999 _c739
_d739